000 00881cab a2200205 4500
001 L136193
008 070117n2007 000 0 eng u
035 _a(Sirsi) u136193
041 0 _aeng
100 1 _aArkell, Roland
245 0 0 _aACC Index shows price stabilising
260 _c2007
490 0 _aAntiques Trade Gazette
_v(1773) 20 January 2007, 1-3(2)
520 _aThe Antiques Collectors' Club's Annual Antique Furniture Index stabilised in 2006, suggesting a bottoming out of antique furniture prices. The recovery was particularly marked for quality 18th century mahogany and walnut furniture. Includes a comparative investment chart for the index against house prices in South East England.
590 _aKA
650 2 4 _aANTIQUE COLLECTORS' CLUB ANNUAL ANTIQUE FURNITURE INDEX
651 4 _aUnited Kingdom
_y
690 _aArts and antiques
_96217
942 _n0
999 _c78182
_d78182